000 00792nam a2200253Ia 4500
003 OSt
005 20220928123940.0
006 a|||||r|||| 00| 0
007 ta
008 220927b |||||||| |||| 00| 0 eng d
020 _cUKP 89.99
024 _a137613
037 _b047, 06/03/2018, Excel Book International
_cTextual
040 _aSDCL
_cSDCL
_beng
041 _2eng
_aeng
082 _aD6,8(B289MATLAB), Q8
100 _aBober William
_9433283
245 0 _aMatlab essentials
_b A first course for engineers and scientists
260 _aBoca Raton
_b CRC Press
_c2018
300 _axv,259p.
_ccm.
650 _aI I C
942 _hD6,8(B289MATLAB), Q8
_cTEXL
_2CC
999 _c775467
_d775467